MLB 1.000 OPS Seasons - Statistics

General Stats
  • This quiz has been taken 58 times
    52 since last reset
  • The average score is 148 of 183
Answer Stats
Tm OPS Answer % Correct
2017 NYY 1.049 Aaron Judge
100%
2022 NYY 1.111 Aaron Judge
100%
1992 PIT 1.080 Barry Bonds
100%
1993 SFG 1.136 Barry Bonds
100%
1994 SFG 1.073 Barry Bonds
100%
1995 SFG 1.009 Barry Bonds
100%
1996 SFG 1.076 Barry Bonds
100%
1997 SFG 1.031 Barry Bonds
100%
1998 SFG 1.047 Barry Bonds
100%
2000 SFG 1.127 Barry Bonds
100%
2001 SFG 1.379 Barry Bonds
100%
2002 SFG 1.381 Barry Bonds
100%
2003 SFG 1.278 Barry Bonds
100%
2004 SFG 1.422 Barry Bonds
100%
2010 DET 1.042 Miguel Cabrera
100%
2011 DET 1.033 Miguel Cabrera
100%
2013 DET 1.078 Miguel Cabrera
100%
2017 LAA 1.071 Mike Trout
100%
2018 LAA 1.088 Mike Trout
100%
2019 LAA 1.083 Mike Trout
100%
1996 SEA 1.045 Alex Rodriguez
97%
2000 SEA 1.026 Alex Rodriguez
97%
2001 TEX 1.021 Alex Rodriguez
97%
2002 TEX 1.015 Alex Rodriguez
97%
2005 NYY 1.031 Alex Rodriguez
97%
2007 NYY 1.067 Alex Rodriguez
97%
2015 WSN 1.109 Bryce Harper
97%
2021 PHI 1.044 Bryce Harper
97%
2020 ATL 1.102 Freddie Freeman
97%
2017 MIA 1.007 Giancarlo Stanton
97%
2010 CIN 1.024 Joey Votto
97%
2015 CIN 1.000 Joey Votto
97%
2017 CIN 1.032 Joey Votto
97%
2018 BOS 1.078 Mookie Betts
97%
2000 MON 1.074 Vladimir Guerrero
97%
2002 MON 1.010 Vladimir Guerrero
97%
2021 TOR 1.002 Vladimir Guerrero Jr.
97%
2001 STL 1.013 Albert Pujols
94%
2003 STL 1.106 Albert Pujols
94%
2004 STL 1.072 Albert Pujols
94%
2005 STL 1.039 Albert Pujols
94%
2006 STL 1.102 Albert Pujols
94%
2008 STL 1.114 Albert Pujols
94%
2009 STL 1.101 Albert Pujols
94%
2010 STL 1.011 Albert Pujols
94%
2013 BAL 1.004 Chris Davis
94%
2018 MIL 1.000 Christian Yelich
94%
2019 MIL 1.100 Christian Yelich
94%
1993 SEA 1.025 Ken Griffey Jr.
94%
1994 SEA 1.076 Ken Griffey Jr.
94%
1996 SEA 1.020 Ken Griffey Jr.
94%
1997 SEA 1.028 Ken Griffey Jr.
94%
1996 OAK 1.198 Mark McGwire
94%
1997 MLB 1.039 Mark McGwire
94%
1998 STL 1.222 Mark McGwire
94%
1999 STL 1.120 Mark McGwire
94%
2005 BOS 1.001 David Ortiz
91%
2006 BOS 1.049 David Ortiz
91%
2007 BOS 1.066 David Ortiz
91%
2016 BOS 1.021 David Ortiz
91%
1995 SEA 1.107 Edgar Martinez
91%
1996 SEA 1.059 Edgar Martinez
91%
1997 SEA 1.009 Edgar Martinez
91%
1999 SEA 1.001 Edgar Martinez
91%
2000 SEA 1.002 Edgar Martinez
91%
1991 CHW 1.006 Frank Thomas
91%
1993 CHW 1.033 Frank Thomas
91%
1994 CHW 1.217 Frank Thomas
91%
1995 CHW 1.061 Frank Thomas
91%
1996 CHW 1.085 Frank Thomas
91%
1997 CHW 1.067 Frank Thomas
91%
2000 CHW 1.061 Frank Thomas
91%
2018 BOS 1.031 J.D. Martinez
91%
2011 TOR 1.056 Jose Bautista
91%
1993 TEX 1.000 Juan Gonzalez
91%
1996 TEX 1.011 Juan Gonzalez
91%
2020 WSN 1.185 Juan Soto
91%
2001 ARI 1.117 Luis Gonzalez
91%
1998 CHC 1.024 Sammy Sosa
91%
1999 CHC 1.002 Sammy Sosa
91%
2000 CHC 1.040 Sammy Sosa
91%
2001 CHC 1.174 Sammy Sosa
91%
1999 ATL 1.074 Chipper Jones
88%
2001 ATL 1.032 Chipper Jones
88%
2007 ATL 1.029 Chipper Jones
88%
2008 ATL 1.044 Chipper Jones
88%
2010 TEX 1.044 Josh Hamilton
88%
1997 COL 1.172 Larry Walker
88%
1998 COL 1.075 Larry Walker
88%
1999 COL 1.168 Larry Walker
88%
2001 COL 1.111 Larry Walker
88%
2002 COL 1.023 Larry Walker
88%
1999 CLE 1.105 Manny Ramirez
88%
2000 CLE 1.154 Manny Ramirez
88%
2001 BOS 1.014 Manny Ramirez
88%
2002 BOS 1.097 Manny Ramirez
88%
2003 BOS 1.014 Manny Ramirez
88%
2004 BOS 1.009 Manny Ramirez
88%
2006 BOS 1.058 Manny Ramirez
88%
2008 MLB 1.031 Manny Ramirez
88%
2022 HOU 1.019 Yordan Alvarez
88%
2019 HOU 1.015 Alex Bregman
84%
1994 HOU 1.201 Jeff Bagwell
84%
1996 HOU 1.021 Jeff Bagwell
84%
1997 HOU 1.017 Jeff Bagwell
84%
1999 HOU 1.045 Jeff Bagwell
84%
2000 HOU 1.039 Jeff Bagwell
84%
2009 MIN 1.031 Joe Mauer
84%
2000 COL 1.162 Todd Helton
84%
2001 COL 1.116 Todd Helton
84%
2002 COL 1.006 Todd Helton
84%
2003 COL 1.088 Todd Helton
84%
2004 COL 1.088 Todd Helton
84%
2019 LAD 1.035 Cody Bellinger
81%
1996 CLE 1.062 Jim Thome
81%
1997 CLE 1.001 Jim Thome
81%
2001 CLE 1.040 Jim Thome
81%
2002 CLE 1.122 Jim Thome
81%
2006 CHW 1.014 Jim Thome
81%
2015 ARI 1.005 Paul Goldschmidt
81%
1994 CLE 1.152 Albert Belle
78%
1995 CLE 1.091 Albert Belle
78%
1996 CLE 1.033 Albert Belle
78%
1998 CHW 1.055 Albert Belle
78%
2017 COL 1.000 Charlie Blackmon
78%
2019 WSN 1.010 Anthony Rendon
75%
2001 HOU 1.051 Lance Berkman
75%
2004 HOU 1.016 Lance Berkman
75%
2006 HOU 1.041 Lance Berkman
75%
2020 ATL 1.067 Marcell Ozuna
75%
2000 TOR 1.134 Carlos Delgado
72%
2003 TOR 1.019 Carlos Delgado
72%
2000 OAK 1.123 Jason Giambi
72%
2001 OAK 1.137 Jason Giambi
72%
2002 NYY 1.034 Jason Giambi
72%
2000 SFG 1.021 Jeff Kent
72%
1995 LAD 1.006 Mike Piazza
69%
1997 LAD 1.070 Mike Piazza
69%
2000 NYM 1.012 Mike Piazza
69%
1999 BOS 1.022 Nomar Garciaparra
69%
2000 BOS 1.033 Nomar Garciaparra
69%
2007 MIL 1.013 Prince Fielder
69%
2009 MIL 1.014 Prince Fielder
69%
1999 TEX 1.050 Rafael Palmeiro
69%
1990 OAK 1.016 Rickey Henderson
69%
2006 PHI 1.084 Ryan Howard
69%
2004 LAD 1.017 Adrian Beltre
66%
1996 BAL 1.034 Brady Anderson
66%
2005 CHC 1.080 Derrek Lee
66%
2020 NYY 1.011 DJ LeMahieu
66%
1996 FLA 1.090 Gary Sheffield
66%
2000 LAD 1.081 Gary Sheffield
66%
2001 LAD 1.000 Gary Sheffield
66%
2003 ATL 1.023 Gary Sheffield
66%
2007 DET 1.029 Magglio Ordonez
66%
2019 MIN 1.031 Nelson Cruz
66%
1994 SDP 1.022 Tony Gwynn
66%
2003 STL 1.002 Jim Edmonds
63%
2004 STL 1.061 Jim Edmonds
63%
2007 COL 1.012 Matt Holliday
63%
1996 BOS 1.003 Mo Vaughn
63%
2007 TBR 1.037 Carlos Pena
59%
1993 COL 1.005 Andres Galarraga
56%
1996 SDP 1.028 Ken Caminiti
56%
1993 TOR 1.072 John Olerud
53%
2004 STL 1.007 Scott Rolen
53%
1995 CAL 1.024 Tim Salmon
53%
2000 ANA 1.008 Troy Glaus
53%
1994 ATL 1.012 Fred McGriff
50%
2005 CLE 1.003 Travis Hafner
50%
2006 CLE 1.097 Travis Hafner
50%
1997 CLE 1.013 David Justice
47%
2000 HOU 1.039 Moises Alou
47%
1999 PIT 1.032 Brian Giles
41%
2000 PIT 1.026 Brian Giles
41%
2002 PIT 1.072 Brian Giles
41%
1996 COL 1.047 Ellis Burks
41%
2006 CHW 1.006 Jermaine Dye
41%
1994 NYY 1.064 Paul O'Neill
38%
2000 HOU 1.028 Richard Hidalgo
38%
1994 CIN 1.110 Kevin Mitchell
28%
1993 BAL 1.001 Chris Hoiles
16%
2004 ATL 1.006 J.D. Drew
6%
No matching quizzes found
Score Distribution
Percent of People with Each Score
Percentile by Number Answered
Your Score History
You have not taken this quiz since the last reset